| 000 -LEADER | |
|---|---|
| fixed length control field | 00447nam a22001697a 4500 |
| 005 - DATE AND TIME OF LATEST TRANSACTION | |
| control field | 20180206163159.0 |
| 008 - FIXED-LENGTH DATA ELEMENTS--GENERAL INFORMATION | |
| fixed length control field | 160625b xxu||||| |||| 00| 0 eng d |
| 020 ## - INTERNATIONAL STANDARD BOOK NUMBER | |
| ISBN | 81-85015-61-9 |
| 041 ## - LANGUAGE CODE | |
| Language code of text/sound track or separate title | eng |
| 082 ## - DEWEY DECIMAL CLASSIFICATION NUMBER | |
| Item number | 10301 |
| Classification number | 005.453 |
| 100 ## - MAIN ENTRY--AUTHOR NAME | |
| Personal name | Aho, Alfred V and Ullman Jeffrey D |
| 245 ## - TITLE STATEMENT | |
| Title | Principles of Compiler Design |
| 260 ## - PUBLICATION, DISTRIBUTION, ETC. (IMPRINT) | |
| Name of publisher | Narosa Publishing House |
| Year of publication | 2002 |
| Place of publication | new delhi |
| 300 ## - PHYSICAL DESCRIPTION | |
| Number of Pages | 569 |
| 650 ## - SUBJECT ADDED ENTRY--TOPICAL TERM | |
| Topical Term | Management |
| 942 ## - ADDED ENTRY ELEMENTS (KOHA) | |
| Koha item type | Books |
| Lost status | Damaged status | Collection code | Home library | Current library | Shelving location | Date acquired | Source of acquisition | Full call number | Accession Number | Koha item type |
|---|---|---|---|---|---|---|---|---|---|---|
| CS/IT | JRU Library | JRU Library | SHELF-51-I | 25/06/2016 | PURCHASE | 005.453 | 10301 | Books | ||
| CS/IT | JRU Library | JRU Library | SHELF-51-I | 25/06/2016 | 005.453 | 10302 | Books |